000 00983nam a22003137a 4500
003 CHAP
005 20220329141247.0
008 110429s198
010 _a65325
011 _a66297
020 _a0941942228
035 _a74356
040 _cCHAP
082 0 0 _a581.634
_bH75
100 1 _aHong, Yen hsu
_956083
245 1 0 _aOriental materia medica :
_ba concise guide
_c/por Yen Hsu Hong
260 _aLong Beach, CA. :
_bOriental Healing Arts Institute,
_c1986
300 _a932 p. :
_bilus.
590 _aBATCH-UPD
_b10
_c20130110
_lUCH01
_h0818
590 _aBATCH-UPD
_b10
_c20130410
_lUCH01
_h0455
590 _aBATCH-UPD
_b10
_c20130914
_lUCH01
_h0741
590 _aCONVERSION
_b10
_c20130109
_lUCH01
_h1336
650 1 4 _aBotánica médica.
_914680
650 1 4 _aExtractos vegetales.
_939214
650 1 4 _aMedicina alternativa.
_973914
901 _aBK
942 _cLIBRO
949 _a581.634 H75
_bBC
_cLIBRO
_d33724002254149
_eLIBRO
_h114812
_i74356
_sb
999 _c65325
_d65325